000
00206 a2200097 4500
001
25665
100
_a
Room, M
245
_a
Masnavi Molana Room
260
_a
_b
Sh Ghulam Ali
_c
1963
090
_c
17359
_d
17359
942
_a
NUST-CAE
_c
M
_c
8179
999
_c
260738
_d
260738